[Event "TUR Cup"]
[Site "Denizli"]
[Date "2023.07.19"]
[Round "5"]
[White "Dedebas, Emre Emin"]
[Black "Inan, Canberk"]
[Result "1-0"]
[WhiteElo "2305"]
[BlackElo "1937"]
[PlyCount "69"]
[EventDate "2023.07.16"]
[EventType "team-tourn"]
[EventRounds "9"]
[EventCountry "TUR"]
[SourceTitle "CBM 215 Extra"]
[Source "ChessBase"]
[SourceDate "2023.09.30"]
[SourceVersion "1"]
[SourceVersionDate "2023.09.30"]
[SourceQuality "1"]

1. Nf3 Nf6 2. g3 g6 3. Bg2 Bg7 4. 0-0 0-0 5. d4 d6 6. b3 Nc6 7. Bb2 Bf5 8. Nbd2 d5 9. c4 Be4 10. cxd5 Bxd5 11. Qb1 Bxf3 12. Nxf3 e6 13. Rd1 Nd7 14. Qc2 Nb4 15. Qd2 a5 16. Ba3 c5 17. Rac1 cxd4 18. Nxd4 Qb6 19. Bxb4 axb4 20. Nc2 Nc5 21. Qxb4 Qa7 22. Nd4 Rac8 23. Nb5 Qb6 24. a4 Na6 25. Qd6 Qxd6 26. Nxd6 Rxc1 27. Rxc1 b6 28. Rc6 Rb8 29. a5 Bd4 30. e3 Bc5 31. Ne4 Nb4 32. Nxc5 Nxc6 33. Bxc6 Rc8 34. axb6 Rxc6 35. Nd7 1-0

[Event "TUR Cup"]
[Site "Denizli"]
[Date "2023.07.16"]
[Round "1"]
[White "Sibli, Murat Yigit"]
[Black "Inan, Canberk"]
[Result "0-1"]
[WhiteElo "1584"]
[BlackElo "1937"]
[PlyCount "95"]
[EventDate "2023.07.16"]
[EventType "team-tourn"]
[EventRounds "9"]
[EventCountry "TUR"]
[SourceTitle "CBM 215 Extra"]
[Source "ChessBase"]
[SourceDate "2023.09.30"]
[SourceVersion "1"]
[SourceVersionDate "2023.09.30"]
[SourceQuality "1"]

1. e4 e5 2. Nf3 Nc6 3. Bc4 Nf6 4. d3 Bc5 5. Nbd2 d6 6. c3 a6 7. Bb3 0-0 8. 0-0 Qe7 9. Nc4 Ba7 10. Bg5 h6 11. Bh4 g5 12. Nxg5 Nxe4 13. dxe4 hxg5 14. Bg3 Qf6 15. Ne3 Ne7 16. Qh5 Kg7 17. h4 Rh8 18. Qxg5+ Qxg5 19. hxg5 Bd7 20. Rfd1 Rh5 21. Kf1 Rah8 22. Ke2 Bc6 23. Bc2 Rxg5 24. Rh1 Rgh5 25. Rxh5 Rxh5 26. Rg1 Bd7 27. b3 Be6 28. Rd1 a5 29. Bd3 Ng6 30. Rc1 Kf8 31. c4 c6 32. Rd1 Bc5 33. Bc2 Ke7 34. Nf5+ Bxf5 35. exf5 Nf8 36. f4 Nd7 37. Kf3 Rh8 38. fxe5 dxe5 39. f6+ Ke6 40. Re1 Bd4 41. a3 Kxf6 42. Kg4 Rg8+ 43. Kf3 Rh8 44. Kg4 Nc5 45. Bh4+ Rxh4+ 46. Kg3 Rh8 47. Rf1+ Ke7 48. b4 0-1

[Event "Izmir op 18th"]
[Site "Izmir"]
[Date "2019.09.06"]
[Round "7"]
[White "Inan, Canberk"]
[Black "Isik, Alparslan"]
[Result "0-1"]
[WhiteElo "1912"]
[BlackElo "2200"]
[PlyCount "221"]
[EventDate "2019.09.02"]
[EventType "swiss"]
[EventRounds "9"]
[EventCountry "TUR"]
[SourceTitle "EXT 2020"]
[Source "ChessBase"]
[SourceDate "2019.10.17"]
[SourceVersion "1"]
[SourceVersionDate "2019.10.17"]
[SourceQuality "1"]

1. d4 Nf6 2. c4 g6 3. Nc3 d5 4. Bf4 Bg7 5. e3 0-0 6. Nf3 c5 7. dxc5 Qa5 8. Rc1 Ne4 9. cxd5 Nd7 10. Bc4 Nxc3 11. bxc3 Bxc3+ 12. Kf1 Nxc5 13. Nd4 Ne4 14. Qd3 Qa3 15. Ke2 Bb2 16. Qxe4 Bxc1 17. Bh6 Re8 18. d6 Qxd6 19. Rxc1 Qxh2 20. Bxf7+ Kxf7 21. Qd5+ e6 22. Qf3+ Kg8 23. Bf4 Qh5 24. Qxh5 gxh5 25. Be5 Re7 26. Rh1 Bd7 27. Rxh5 Be8 28. Rh6 Bg6 29. f4 Rc8 30. Kf3 Rc4 31. g4 Ra4 32. Rh2 a6 33. Bd6 Rd7 34. Be5 Re7 35. Bd6 Rd7 36. Be5 Bb1 37. Nxe6 Rxa2 38. Rh1 Bg6 39. f5 Bf7 40. Rc1 Re7 41. Bd6 Re8 42. Ng5 Rd8 43. Nxf7 Kxf7 44. Rc7+ Kg8 45. Be5 Rdd2 46. Rxb7 Rg2 47. Kf4 h6 48. Bd4 Raf2+ 49. Ke5 Rxg4 50. Kf6 h5 51. Rb8+ Kh7 52. Ke6 Rg8 53. Rb7+ Kh6 54. e4 Rf3 55. e5 h4 56. Bb2 Rf1 57. f6 Rg2 58. Ba3 h3 59. Bf8+ Kh5 60. Rh7+ Kg4 61. Kf7 h2 62. e6 h1Q 63. Rxh1 Rxh1 64. e7 Re2 65. e8Q Rxe8 66. Kxe8 Rh8 67. Ke7 Kf5 68. Bg7 Ra8 69. f7 Ra7+ 70. Ke8 Ke6 71. f8N+ Kd5 72. Nd7 a5 73. Bf8 Ra8+ 74. Kf7 Ra7 75. Ke8 Kc6 76. Ne5+ Kd5 77. Nd7 Kc6 78. Ne5+ Kd5 79. Nd7 Ke6 80. Nc5+ Kd5 81. Nd7 Ra8+ 82. Kf7 Ra7 83. Ke8 Ra6 84. Ba3 a4 85. Nc5 Ra5 86. Nd7 Rb5 87. Nf6+ Ke6 88. Nd7 Kd5 89. Nf6+ Kc4 90. Kd7 Kb3 91. Bf8 Rb8 92. Bc5 Rb5 93. Bf8 Rb7+ 94. Ke6 Rb8 95. Bc5 Rb5 96. Bf8 Rb6+ 97. Ke5 Rb8 98. Bd6 Rb6 99. Bf8 Rb5+ 100. Ke6 Rb6+ 101. Ke5 Rb8 102. Bd6 Rb5+ 103. Ke4 Rb6 104. Be5 Re6 105. Nd7 Kc2 106. Nc5 Rxe5+ 107. Kxe5 a3 108. Na6 Kc3 109. Nc5 a2 110. Ne4+ Kc2 111. Kd4 0-1

[Event "TUR-chT Clubs"]
[Site "Konya"]
[Date "2019.07.21"]
[Round "9.6"]
[White "Inan, Canberk"]
[Black "Ergonen, Arda"]
[Result "0-1"]
[WhiteElo "1895"]
[BlackElo "1905"]
[PlyCount "123"]
[EventDate "2019.07.16"]
[EventType "team-swiss"]
[EventRounds "9"]
[EventCountry "TUR"]
[SourceTitle "CBM 191 Extra"]
[Source "ChessBase"]
[SourceDate "2019.09.30"]
[SourceVersion "1"]
[SourceVersionDate "2019.09.30"]
[SourceQuality "1"]
[WhiteTeam "Samsun Genclik"]
[BlackTeam "Afyonkarahisar Basari"]
[WhiteTeamCountry "TUR"]
[BlackTeamCountry "TUR"]

1. e4 d5 2. exd5 Qxd5 3. Nc3 Qa5 4. d4 Nf6 5. Nf3 c6 6. Bd2 Bf5 7. Bc4 e6 8. Nd5 Qd8 9. Nxf6+ gxf6 10. c3 Nd7 11. Qe2 Qc7 12. 0-0-0 0-0-0 13. Nh4 Bg6 14. g3 Bd6 15. Nxg6 hxg6 16. h4 Nb6 17. Bb3 c5 18. dxc5 Bxc5 19. Bf4 Qc6 20. Rhe1 a5 21. Bc2 Nd5 22. Bd2 f5 23. c4 Nb4 24. a3 Nxc2 25. Kxc2 Bd4 26. Bc3 Bxc3 27. Kxc3 b5 28. b3 Qc5 29. b4 axb4+ 30. axb4 Qa7 31. Ra1 Qd4+ 32. Kb3 Qxc4+ 33. Qxc4+ bxc4+ 34. Kxc4 Kb7 35. Re5 Rc8+ 36. Kb5 Rhd8 37. Rc5 Rb8 38. Ra6 Rd4 39. Rb6+ Ka8 40. Rcc6 Rb7 41. Rc8+ Ka7 42. Rxb7+ Kxb7 43. Rf8 Rd5+ 44. Kc4 Rd7 45. Kb5 Rd5+ 46. Ka4 Rd7 47. Ka5 e5 48. Kb5 Rc7 49. Rh8 e4 50. h5 gxh5 51. Rxh5 f4 52. gxf4 Rc2 53. Rf5 Rxf2 54. Rxf7+ Kc8 55. Kb6 e3 56. b5 e2 57. Re7 Rh2 58. Re8+ Kd7 59. Re3 Rh6+ 60. Ka7 Re6 61. Rxe2 Rxe2 62. b6 0-1

[Event "TUR-chT2"]
[Site "Konya"]
[Date "2018.07.11"]
[Round "2.8"]
[White "Mete, Onur Koray"]
[Black "Inan, Canberk"]
[Result "0-1"]
[WhiteElo "1744"]
[BlackElo "1910"]
[PlyCount "62"]
[EventDate "2018.07.10"]
[EventType "team-swiss"]
[EventRounds "9"]
[EventCountry "TUR"]
[SourceTitle "EXT 2019"]
[Source "ChessBase"]
[SourceDate "2018.10.10"]
[SourceVersion "1"]
[SourceVersionDate "2018.10.10"]
[SourceQuality "1"]
[WhiteTeam "Derince Turgut"]
[BlackTeam "Samsun Genclik"]
[WhiteTeamCountry "TUR"]
[BlackTeamCountry "TUR"]

1. d4 Nf6 2. c4 g6 3. g3 Bg7 4. Bg2 0-0 5. Nf3 d6 6. 0-0 c6 7. h3 Qc7 8. Nc3 e5 9. e4 Nbd7 10. Be3 Re8 11. b4 Nf8 12. Qd2 exd4 13. Nxd4 a6 14. b5 Ne6 15. a4 Nxd4 16. Bxd4 Be6 17. b6 Qd7 18. Qd3 Bxh3 19. a5 Qg4 20. Rae1 Qh5 21. Bxf6 Bxf6 22. Ne2 Bxg2 23. Kxg2 Qxa5 24. Qe3 d5 25. cxd5 cxd5 26. Rh1 Bg7 27. Qg5 Rxe4 28. f3 Re5 29. Qh4 h6 30. Qf4 Rae8 31. Kf2 Qxb6+ 0-1

[Event "Troya op 25th"]
[Site "Canakkale"]
[Date "2017.08.11"]
[Round "7"]
[White "Karaahmetoglu, Ege"]
[Black "Inan, Canberk"]
[Result "1/2-1/2"]
[WhiteElo "2103"]
[BlackElo "1777"]
[PlyCount "84"]
[EventDate "2017.08.07"]
[EventType "swiss"]
[EventRounds "9"]
[EventCountry "TUR"]
[SourceTitle "CBM 179 Extra"]
[Source "ChessBase"]
[SourceDate "2017.08.23"]
[SourceVersion "1"]
[SourceVersionDate "2017.08.23"]
[SourceQuality "1"]

1. e4 Nf6 2. Nc3 d5 3. exd5 Nxd5 4. d4 Nxc3 5. bxc3 g6 6. Nf3 Bg7 7. Ba3 0-0 8. Bc4 c6 9. 0-0 Re8 10. Re1 e6 11. Qd2 Nd7 12. Rad1 b5 13. Bd3 Qc7 14. Qg5 Bb7 15. c4 Bf6 16. Qg3 Qxg3 17. hxg3 bxc4 18. Bxc4 Nb6 19. Bf1 Be7 20. Bxe7 Rxe7 21. Ne5 Rd8 22. Be2 f6 23. Ng4 Kg7 24. Bf3 h5 25. Ne3 Red7 26. c3 Na4 27. Nc2 Nxc3 28. Rd3 Nd5 29. Rxe6 Nc7 30. Re1 Kf7 31. Rb3 Ne6 32. Be2 c5 33. Rxb7 Rxb7 34. Bc4 cxd4 35. Rxe6 Kg7 36. Bd3 Rb1+ 37. Ne1 Ra1 38. Re2 Rc8 39. f4 Rc3 40. Kf2 Rxe1 41. Rxe1 Rxd3 42. Re7+ Kh6 1/2-1/2

[Event "Manavgat Turkey Cup"]
[Site "Manavgat"]
[Date "2016.01.30"]
[Round "1"]
[White "Inan, Canberk"]
[Black "Kurtoglu, Umit"]
[Result "1-0"]
[WhiteElo "1845"]
[BlackElo "1395"]
[PlyCount "45"]
[EventDate "2016.01.30"]
[EventType "swiss"]
[EventRounds "11"]
[EventCountry "TUR"]
[SourceTitle "CBM 170 Extra"]
[Source "ChessBase"]
[SourceDate "2016.02.25"]
[SourceVersion "1"]
[SourceVersionDate "2016.02.25"]
[SourceQuality "1"]

1. e4 e5 2. Nf3 Nc6 3. Bc4 Nf6 4. Ng5 d5 5. exd5 Na5 6. Bb5+ c6 7. dxc6 bxc6 8. Be2 h6 9. Nf3 e4 10. Ne5 Qd5 11. d4 Bd6 12. c4 Qe6 13. Nxc6 Nxc6 14. d5 Qd7 15. dxc6 Qxc6 16. Nc3 0-0 17. Qa4 Qb6 18. Qc2 Bb7 19. Be3 Qc6 20. 0-0 Bc5 21. Nd5 Nxd5 22. cxd5 Qxd5 23. Qxc5 1-0

[Event "Troya op 23rd"]
[Site "Canakkale"]
[Date "2015.08.13"]
[Round "7"]
[White "Inan, Canberk"]
[Black "Bozbey, Ali"]
[Result "1/2-1/2"]
[WhiteElo "1781"]
[BlackElo "1719"]
[PlyCount "73"]
[EventDate "2015.08.08"]
[EventType "swiss"]
[EventRounds "9"]
[EventCountry "TUR"]
[SourceTitle "CBM 167 Extra"]
[Source "ChessBase"]
[SourceDate "2015.09.14"]
[SourceVersion "1"]
[SourceVersionDate "2015.09.14"]
[SourceQuality "1"]

1. e4 c5 2. Nf3 Nc6 3. Bb5 e6 4. 0-0 Nge7 5. Re1 a6 6. Bf1 Ng6 7. c3 Be7 8. d4 cxd4 9. cxd4 d5 10. e5 0-0 11. Nc3 b5 12. Bd3 f5 13. exf6 Rxf6 14. Bb1 Qb6 15. Bg5 Rxf3 16. Bxe7 Rxc3 17. Bxg6 hxg6 18. bxc3 Nxe7 19. a4 Ra7 20. Qd3 bxa4 21. Rxa4 Qc6 22. Ra5 Rc7 23. Rc5 Qd6 24. Rxc7 Qxc7 25. Rb1 a5 26. Qb5 Kf7 27. Qb3 Nf5 28. Qa3 Bd7 29. g4 Nh4 30. Qc1 Nf3+ 31. Kg2 Qxh2+ 32. Kxf3 Qh3+ 33. Ke2 Qxg4+ 34. Kf1 Qf3 35. Kg1 Qg4+ 36. Kf1 Qf3 37. Kg1 1/2-1/2

[Event "Troya op 23rd"]
[Site "Canakkale"]
[Date "2015.08.11"]
[Round "5"]
[White "Inan, Canberk"]
[Black "Sabahi, Ali Can"]
[Result "0-1"]
[WhiteElo "1781"]
[BlackElo "1907"]
[PlyCount "118"]
[EventDate "2015.08.08"]
[EventType "swiss"]
[EventRounds "9"]
[EventCountry "TUR"]
[SourceTitle "CBM 167 Extra"]
[Source "ChessBase"]
[SourceDate "2015.09.14"]
[SourceVersion "1"]
[SourceVersionDate "2015.09.14"]
[SourceQuality "1"]

1. e4 c5 2. Nf3 e6 3. c4 d6 4. Be2 Nf6 5. Nc3 Be7 6. 0-0 0-0 7. d4 cxd4 8. Nxd4 a6 9. Be3 Qc7 10. Rc1 b6 11. f4 Bb7 12. Bf3 Re8 13. f5 Bf8 14. fxe6 fxe6 15. b3 Nbd7 16. Qc2 Rac8 17. g3 Ne5 18. Bg2 Neg4 19. Bf2 Nxf2 20. Qxf2 Ng4 21. Qe2 Ne5 22. Kh1 Qc5 23. Rcd1 Rcd8 24. Na4 Qc7 25. Rf2 d5 26. cxd5 exd5 27. exd5 b5 28. Nb2 Bxd5 29. Bxd5+ Rxd5 30. Nf3 Nd3 31. Qxd3 Rxd3 32. Nxd3 Qb7 33. Kg2 Re3 34. Nf4 Re5 35. Rd3 g5 36. Nh5 Rf5 37. g4 Rf7 38. Ng3 Rf4 39. h3 h6 40. Nf5 h5 41. Kg3 Qc7 42. Kg2 hxg4 43. hxg4 Rxg4+ 44. Kf1 Qc1+ 45. Ne1 Re4 46. Re2 Rf4+ 47. Rf2 g4 48. Ng3 Bc5 49. Rxf4 Qxf4+ 50. Ke2 Qf2+ 51. Kd1 Bb4 52. Nc2 Qg1+ 53. Ke2 Qg2+ 54. Kd1 Ba5 55. a4 bxa4 56. bxa4 Bc7 57. Ne2 Qf1+ 58. Kd2 Ba5+ 59. Ke3 Qf3+ 0-1

[Event "Troya op 23rd"]
[Site "Canakkale"]
[Date "2015.08.09"]
[Round "2"]
[White "Tasan, Mehmet Askin"]
[Black "Inan, Canberk"]
[Result "1/2-1/2"]
[WhiteElo "2009"]
[BlackElo "1781"]
[PlyCount "118"]
[EventDate "2015.08.08"]
[EventType "swiss"]
[EventRounds "9"]
[EventCountry "TUR"]
[SourceTitle "CBM 167 Extra"]
[Source "ChessBase"]
[SourceDate "2015.09.14"]
[SourceVersion "1"]
[SourceVersionDate "2015.09.14"]
[SourceQuality "1"]

1. Nf3 Nf6 2. c4 g6 3. Nc3 Bg7 4. g3 0-0 5. Bg2 d6 6. d4 Nbd7 7. 0-0 c5 8. e4 cxd4 9. Nxd4 Ne5 10. b3 Bd7 11. h3 a6 12. f4 Nc6 13. Be3 Rc8 14. Rc1 Nh5 15. g4 Nf6 16. Qd2 Qa5 17. Nxc6 Bxc6 18. Nd5 Nxd5 19. exd5 Qxd2 20. Bxd2 Bd7 21. Rfe1 Rfe8 22. Kf2 Kf8 23. Be3 b5 24. c5 dxc5 25. Rxc5 b4 26. Bf1 Bc3 27. Rc1 Rxc5 28. Bxc5 Rc8 29. Be3 a5 30. Ba6 Ra8 31. Bc4 a4 32. Kf3 axb3 33. axb3 Ra2 34. Bc5 Ra5 35. Bb6 Ra2 36. Bc5 Ra5 37. Bf2 Ra2 38. Rd1 h5 39. Bc5 Ra5 40. Bd4 Bxd4 41. Rxd4 hxg4+ 42. hxg4 Ra3 43. g5 Bf5 44. Rd2 Ke8 45. Ke3 Kd7 46. Kd4 Kd6 47. Rh2 Ra1 48. Rh8 Rd1+ 49. Ke3 Re1+ 50. Kf2 Rb1 51. Rb8 Kc5 52. Rb7 Bc2 53. Rb5+ Kd4 54. Rxb4 Rb2 55. Kg3 Be4 56. Rb7 Rg2+ 57. Kh3 Rg1 58. Rxe7 Ke3 59. Kh2 Rh1+ 1/2-1/2

[Event "TUR-chT2"]
[Site "Konya"]
[Date "2014.06.27"]
[Round "7.9"]
[White "Gulsoy, Mustafa Alpago"]
[Black "Inan, Canberk"]
[Result "1/2-1/2"]
[WhiteElo "1798"]
[BlackElo "1779"]
[PlyCount "84"]
[EventDate "2014.06.23"]
[EventType "team-swiss"]
[EventRounds "9"]
[EventCountry "TUR"]
[SourceTitle "CBM 161 Extra"]
[Source "ChessBase"]
[SourceDate "2014.08.29"]
[SourceVersion "1"]
[SourceVersionDate "2014.08.29"]
[SourceQuality "1"]
[WhiteTeam "Tasduvar"]
[BlackTeam "Gercek"]
[WhiteTeamCountry "TUR"]
[BlackTeamCountry "TUR"]

1. e4 c5 2. c3 d6 3. d4 cxd4 4. cxd4 Nf6 5. Nc3 g6 6. Be3 Bg7 7. f3 0-0 8. Bc4 Nc6 9. a3 Bd7 10. Nge2 Rc8 11. Ba2 Na5 12. b4 Nc4 13. Bxc4 Rxc4 14. Qd3 Qc7 15. 0-0 Rc8 16. Rac1 b5 17. g4 e6 18. Rfd1 a6 19. h4 h5 20. g5 Ne8 21. f4 Qb7 22. Ng3 Qa8 23. Nce2 Bc6 24. Rf1 d5 25. e5 Bd7 26. Bd2 Qc6 27. Bc3 Bf8 28. Qf3 Ng7 29. Rfd1 a5 30. Qd3 Be7 31. Qb1 Qa6 32. Qb2 axb4 33. axb4 Qb6 34. Ra1 R8c7 35. Ra3 Nf5 36. Nxf5 exf5 37. Kf2 Kg7 38. Ke3 Be6 39. Rd3 Ra7 40. Ng1 Rcc7 41. Rd2 Ra4 42. Ne2 Rca7 1/2-1/2

[Event "TUR-chT2"]
[Site "Konya"]
[Date "2014.06.26"]
[Round "5.10"]
[White "Demirkilic, Koksal"]
[Black "Inan, Canberk"]
[Result "1/2-1/2"]
[WhiteElo "1631"]
[BlackElo "1779"]
[PlyCount "94"]
[EventDate "2014.06.23"]
[EventType "team-swiss"]
[EventRounds "9"]
[EventCountry "TUR"]
[SourceTitle "CBM 161 Extra"]
[Source "ChessBase"]
[SourceDate "2014.08.29"]
[SourceVersion "1"]
[SourceVersionDate "2014.08.29"]
[SourceQuality "1"]
[WhiteTeam "Azdur Ordu"]
[BlackTeam "Gercek"]
[WhiteTeamCountry "TUR"]
[BlackTeamCountry "TUR"]

1. d4 Nf6 2. c4 g6 3. Nc3 Bg7 4. e4 d6 5. f3 0-0 6. Be3 e5 7. d5 a6 8. Bd3 c5 9. Qd2 h5 10. Bg5 Nbd7 11. h3 Rb8 12. a4 Qe8 13. g4 Kh7 14. Nge2 Rh8 15. Ng3 Kg8 16. gxh5 Nxh5 17. Nce2 Ndf6 18. h4 Bd7 19. b3 Qc8 20. Rc1 Qe8 21. Kf2 Kf8 22. Rcg1 Rh7 23. Rh2 Qc8 24. Rgh1 Nxg3 25. Nxg3 Nh5 26. Bf1 b5 27. axb5 axb5 28. Bh3 Bxh3 29. Rxh3 bxc4 30. bxc4 Rb4 31. Nxh5 Rxh5 32. Qa2 Qb7 33. Qa5 Kg8 34. Qd8+ Kh7 35. Qxd6 Rxc4 36. Qe7 Rc2+ 37. Kg3 Qxe7 38. Bxe7 c4 39. R3h2 Rc3 40. Ra2 Bh6 41. Raa1 Rc2 42. Bg5 Kg7 43. Bxh6+ Rxh6 44. Rac1 Rd2 45. Rxc4 Rh8 46. Rhc1 Rd3 47. Kg4 Rb3 1/2-1/2

[Event "TUR-chT2"]
[Site "Konya"]
[Date "2014.06.24"]
[Round "2.11"]
[White "Ozmen, Halil Nejat"]
[Black "Inan, Canberk"]
[Result "1-0"]
[WhiteElo "1928"]
[BlackElo "1779"]
[PlyCount "89"]
[EventDate "2014.06.23"]
[EventType "team-swiss"]
[EventRounds "9"]
[EventCountry "TUR"]
[SourceTitle "CBM 161 Extra"]
[Source "ChessBase"]
[SourceDate "2014.08.29"]
[SourceVersion "1"]
[SourceVersionDate "2014.08.29"]
[SourceQuality "1"]
[WhiteTeam "Antalya"]
[BlackTeam "Gercek"]
[WhiteTeamCountry "TUR"]
[BlackTeamCountry "TUR"]

1. d4 Nf6 2. Bg5 d5 3. Bxf6 exf6 4. e3 Bd6 5. c4 c6 6. cxd5 cxd5 7. Nc3 Bb4 8. Rc1 0-0 9. g3 Nc6 10. Bg2 Be6 11. Nge2 Qd7 12. 0-0 Rfd8 13. Nf4 Bxc3 14. Rxc3 Ne7 15. Qb3 Rac8 16. Rfc1 b6 17. h4 Rxc3 18. Rxc3 Ng6 19. Nxe6 fxe6 20. Qc2 Qd6 21. Rc7 Rd7 22. Rc6 Qe7 23. a3 Rd6 24. Rc8+ Rd8 25. Rc7 Rd7 26. Rc3 Qd6 27. Rc6 Qe7 28. Bf1 Nf8 29. Bb5 Rb7 30. Ba6 Rd7 31. Bc8 Rd8 32. Rc7 Qe8 33. Ba6 Rd7 34. Rc3 Qf7 35. Bb5 Re7 36. Rc8 h6 37. Qc6 g5 38. hxg5 hxg5 39. Qd6 Qg7 40. Kg2 Qh7 41. Be2 Qg7 42. Bd3 f5 43. Kf1 Qf7 44. Ke2 Rd7 45. Rxf8+ 1-0

[Event "Kemer Turkey Cup"]
[Site "Kemer"]
[Date "2014.02.08"]
[Round "9"]
[White "Inan, Canberk"]
[Black "Dogdu, Mehmet"]
[Result "1-0"]
[WhiteElo "1721"]
[BlackElo "2025"]
[PlyCount "99"]
[EventDate "2014.02.01"]
[EventType "swiss"]
[EventRounds "9"]
[EventCountry "TUR"]
[SourceTitle "CBM 158 Extra"]
[Source "ChessBase"]
[SourceDate "2014.02.28"]
[SourceVersion "1"]
[SourceVersionDate "2014.02.28"]
[SourceQuality "1"]

1. e4 c5 2. Nf3 d6 3. d4 cxd4 4. Nxd4 Nf6 5. Nc3 a6 6. Bg5 e6 7. Qd2 h6 8. Bxf6 Qxf6 9. 0-0-0 Qd8 10. f4 Be7 11. Kb1 Nc6 12. Nb3 0-0 13. g4 b5 14. Rg1 Bb7 15. Qe3 b4 16. Na4 e5 17. Bc4 exf4 18. Qxf4 Ne5 19. Bd5 Qc7 20. Bxb7 Qxb7 21. Nd4 Bg5 22. Qg3 Qxe4 23. h4 Bf4 24. Qb3 Be3 25. Rge1 Nxg4 26. Nb6 Rad8 27. Nc4 Rfe8 28. Rd3 Qd5 29. Nxe3 Rxe3 30. Rdxe3 Qxd4 31. Re8+ Rxe8 32. Rxe8+ Kh7 33. Qd3+ Qxd3 34. cxd3 h5 35. Re4 a5 36. Rd4 Ne3 37. Rxd6 Nf5 38. Rd5 g6 39. Rxa5 Nxh4 40. Kc2 Nf3 41. Kd1 h4 42. Ke2 Nd4+ 43. Kf2 Kh6 44. Rd5 Ne6 45. a4 bxa3 46. bxa3 g5 47. a4 g4 48. Rd6 Kg5 49. Rxe6 fxe6 50. a5 1-0

[Event "Kemer Turkey Cup"]
[Site "Kemer"]
[Date "2014.02.05"]
[Round "6"]
[White "Satici, Aydin"]
[Black "Inan, Canberk"]
[Result "0-1"]
[WhiteElo "1839"]
[BlackElo "1721"]
[PlyCount "80"]
[EventDate "2014.02.01"]
[EventType "swiss"]
[EventRounds "9"]
[EventCountry "TUR"]
[SourceTitle "CBM 158 Extra"]
[Source "ChessBase"]
[SourceDate "2014.02.28"]
[SourceVersion "1"]
[SourceVersionDate "2014.02.28"]
[SourceQuality "1"]

1. Nf3 d5 2. g3 Nf6 3. Bg2 g6 4. c4 c6 5. b3 Bg7 6. Bb2 0-0 7. 0-0 Nbd7 8. d3 Re8 9. Nbd2 e5 10. cxd5 Nxd5 11. Nc4 Qc7 12. e4 N5b6 13. Qc2 a5 14. a3 Nxc4 15. dxc4 Qb6 16. Bc3 c5 17. Rab1 Nb8 18. b4 Nc6 19. bxa5 Qc7 20. Qa4 Bd7 21. Qb5 Nxa5 22. Bxa5 Rxa5 23. Qxb7 Qxb7 24. Rxb7 Bc6 25. Rc7 Bxe4 26. Ng5 Bxg2 27. Kxg2 Rf8 28. Rd1 Rxa3 29. Rdd7 Ra6 30. Ne4 Ra2 31. Nxc5 Bh6 32. Ne6 fxe6 33. Rxh7 Rfxf2+ 34. Kh3 Rxh2+ 35. Kg4 Bf8 36. Rxh2 Rxh2 37. Kg5 e4 38. Rc6 e3 39. Rxe6 e2 40. Rxg6+ Kf7 0-1

[Event "Kemer Turkey Cup"]
[Site "Kemer"]
[Date "2014.02.02"]
[Round "3"]
[White "Inan, Canberk"]
[Black "Cakmak, Sarven"]
[Result "1-0"]
[WhiteElo "1721"]
[BlackElo "1876"]
[PlyCount "165"]
[EventDate "2014.02.01"]
[EventType "swiss"]
[EventRounds "9"]
[EventCountry "TUR"]
[SourceTitle "CBM 158 Extra"]
[Source "ChessBase"]
[SourceDate "2014.02.28"]
[SourceVersion "1"]
[SourceVersionDate "2014.02.28"]
[SourceQuality "1"]

1. e4 c6 2. d4 d5 3. Nc3 dxe4 4. Nxe4 Nd7 5. Nf3 Ngf6 6. Nxf6+ Nxf6 7. Bc4 Bf5 8. 0-0 e6 9. c3 Be7 10. a4 0-0 11. Bf4 Nd5 12. Bg3 h6 13. Bd3 Bxd3 14. Qxd3 Qb6 15. Rfb1 a5 16. Ne5 Rad8 17. Nc4 Qa6 18. Qf1 Nb6 19. b3 Nd5 20. Rc1 Ra8 21. Ne3 Qa7 22. Nxd5 cxd5 23. Qd3 Rfd8 24. Qb5 Qa6 25. Bc7 Rdc8 26. Be5 Rc6 27. c4 dxc4 28. bxc4 Rac8 29. c5 f6 30. Qxa6 Rxa6 31. Bf4 Rac6 32. Be3 Bd8 33. Kf1 Kf7 34. Rab1 b6 35. Rb5 bxc5 36. dxc5 e5 37. Bd2 Ra8 38. Rb7+ Bc7 39. Ke2 Ke6 40. Be3 f5 41. f3 h5 42. Kd3 Rb8 43. Rxb8 Bxb8 44. Kc4 Rc8 45. Kb5 Bc7 46. Bd2 e4 47. fxe4 fxe4 48. Bxa5 Bxa5 49. Kxa5 Kd7 50. Kb5 Rb8+ 51. Kc4 Ra8 52. Ra1 e3 53. Kd3 Kc6 54. Kxe3 Kxc5 55. a5 Ra6 56. Kf4 Kd5 57. Kg5 g6 58. Rd1+ Ke4 59. Re1+ Kd5 60. Re2 Kd4 61. Rf2 Ke5 62. Rf3 Ke4 63. Rf4+ Ke3 64. Rf6 Rxa5+ 65. Kxg6 h4 66. Rf5 Ra4 67. Kh5 Ke2 68. Rg5 Ra8 69. Kxh4 Ke3 70. Kg4 Ra4+ 71. Kh5 Ra8 72. Rg6 Kf4 73. Rf6+ Ke5 74. Rg6 Kf5 75. g4+ Kf4 76. h4 Rh8+ 77. Rh6 Ra8 78. Rf6+ Ke5 79. g5 Ra4 80. Rf2 Ke6 81. g6 Ra7 82. Kh6 Rb7 83. g7 1-0

[Event "EU-ch U14"]
[Site "Prague"]
[Date "2012.08.24"]
[Round "8"]
[White "Abbasov, Zaur Shahin"]
[Black "Inan, Canberk"]
[Result "1-0"]
[WhiteElo "1839"]
[BlackElo "1673"]
[PlyCount "51"]
[EventDate "2012.08.17"]
[EventType "swiss"]
[EventRounds "9"]
[EventCountry "CZE"]
[SourceTitle "CBM 150 Extra"]
[Source "ChessBase"]
[SourceDate "2012.10.19"]
[SourceVersion "1"]
[SourceVersionDate "2012.10.19"]
[SourceQuality "1"]

1. d4 Nf6 2. c4 g6 3. Nc3 Bg7 4. e4 d6 5. f3 0-0 6. Be3 e5 7. Nge2 c6 8. Qd2 a6 9. g4 Nbd7 10. d5 cxd5 11. cxd5 b5 12. Ng3 Nb6 13. Bd3 Bb7 14. h4 Qd7 15. Bxb6 Rac8 16. a3 Qe7 17. Be3 Nd7 18. Qh2 Qf6 19. Bg5 Qxf3 20. Be2 Rxc3 21. Bxf3 Rxf3 22. 0-0-0 Rc8+ 23. Kb1 Nc5 24. Rdf1 Rb3 25. h5 Na4 26. Rf2 1-0

[Event "EU-ch U14"]
[Site "Prague"]
[Date "2012.08.23"]
[Round "7"]
[White "Inan, Canberk"]
[Black "Gerlagh, Joris"]
[Result "0-1"]
[WhiteElo "1673"]
[BlackElo "1930"]
[PlyCount "70"]
[EventDate "2012.08.17"]
[EventType "swiss"]
[EventRounds "9"]
[EventCountry "CZE"]
[SourceTitle "CBM 150 Extra"]
[Source "ChessBase"]
[SourceDate "2012.10.19"]
[SourceVersion "1"]
[SourceVersionDate "2012.10.19"]
[SourceQuality "1"]

1. e4 c5 2. Nf3 Nc6 3. d4 cxd4 4. Nxd4 Qc7 5. Nc3 e6 6. Ndb5 Qb8 7. g3 a6 8. Na3 b5 9. Ne2 Bc5 10. Bg2 Nf6 11. 0-0 Bb7 12. Nb1 0-0 13. Bg5 Ng4 14. Nf4 Nxf2 15. Rxf2 Bxf2+ 16. Kxf2 f6 17. Bh4 Qa7+ 18. Kf1 Qd4 19. Nd2 g5 20. c3 Qc5 21. Qg4 Ne5 22. Qh5 gxh4 23. Qxh4 Ng6 24. Qh6 Qg5 25. Qh3 Nxf4 26. gxf4 Qxf4+ 27. Ke2 Kh8 28. Rf1 Qe5 29. Kd1 Rac8 30. Nf3 Qxe4 31. Kc1 Qe3+ 32. Kb1 b4 33. Nd4 Qxh3 34. Bxh3 bxc3 35. bxc3 Rxc3 0-1